[Event "Foxwoods op 15th"]
[Site "Ledyard"]
[Date "2023.04.06"]
[Round "2"]
[White "Shankar, Pranav"]
[Black "Manon Og, Ramon Jr"]
[Result "1/2-1/2"]
[WhiteElo "1782"]
[BlackElo "1999"]
[PlyCount "120"]
[EventDate "2023.04.05"]
[EventType "swiss"]
[EventRounds "9"]
[EventCountry "USA"]
[SourceTitle "CBM 213 Extra"]
[Source "ChessBase"]
[SourceDate "2023.05.31"]
[SourceVersion "1"]
[SourceVersionDate "2023.05.31"]
[SourceQuality "1"]

1. d4 Nf6 2. c4 g6 3. Nc3 d5 4. cxd5 Nxd5 5. Bd2 Bg7 6. e4 Nb6 7. Be3 Nc6 8. Nf3 Bg4 9. d5 Ne5 10. Bb5+ c6 11. dxc6 Nxc6 12. 0-0 0-0 13. Qxd8 Rfxd8 14. Bxc6 bxc6 15. Nd2 Rd3 16. Rac1 a5 17. Ncb1 Na4 18. Rxc6 Bxb2 19. Nc4 Bd4 20. Rc1 Be6 21. Bxd4 Rxd4 22. f3 Rb8 23. Nbd2 Rb4 24. Rc2 Bd7 25. Rc7 Bb5 26. Nxa5 Kf8 27. Rc8+ Kg7 28. Nc6 Bxc6 29. R8xc6 Nb2 30. Nb3 Rd1+ 31. Kf2 Rb1 32. Rc7 Kf8 33. Kg3 Nd3 34. Rd2 Ne5 35. Rd8+ Kg7 36. Rd2 g5 37. Rxe7 Kf6 38. Rc7 h5 39. Kf2 Ra4 40. Nc5 Ra3 41. Rd6+ Kg7 42. Ne6+ Kh6 43. Nd4+ Kh7 44. Rc2 h4 45. Nb3 Kg7 46. Rd5 f6 47. Rdd2 Kg6 48. Ke2 Rg1 49. Ke3 Re1+ 50. Kd4 h3 51. Kc3 hxg2 52. Rxg2 Nxf3 53. Rce2 Rd1 54. Kb4 Ra8 55. a4 Rb8+ 56. Kc3 Ne5 57. Rd2 Rc8+ 58. Kb4 Rb1 59. Rd5 Rc4+ 60. Ka3 Rxe4 1/2-1/2

[Event "Marshall CC-ch 104th"]
[Site "Chess.com INT"]
[Date "2020.12.21"]
[Round "6"]
[White "Shankar, Pranav"]
[Black "Busygin, Stanislav"]
[Result "0-1"]
[WhiteElo "1499"]
[BlackElo "2138"]
[PlyCount "114"]
[EventDate "2020.12.19"]
[EventType "swiss"]
[EventRounds "9"]
[EventCountry "USA"]
[SourceTitle "CBM 200 Extra"]
[Source "ChessBase"]
[SourceDate "2021.03.31"]
[SourceVersion "1"]
[SourceVersionDate "2021.03.31"]
[SourceQuality "1"]

1. d4 Nf6 2. c4 c5 3. d5 e6 4. Nc3 exd5 5. cxd5 d6 6. e4 g6 7. h3 Bg7 8. Nf3 0-0 9. Bd3 b5 10. Bxb5 Nxe4 11. Nxe4 Qa5+ 12. Bd2 Qxb5 13. Nxd6 Qxb2 14. Rc1 Ba6 15. Qc2 Nd7 16. Nc4 Rfe8+ 17. Be3 Qb4+ 18. Qd2 Bxc4 19. Qxb4 cxb4 20. Rxc4 Nb6 21. Rc5 Bh6 22. Kd2 Bxe3+ 23. fxe3 Rad8 24. Nd4 Nxd5 25. Re1 Nxe3 26. Rxe3 Rxd4+ 27. Ke2 Rde4 28. Rxe4 Rxe4+ 29. Kd2 Rf4 30. Ke3 Rf6 31. Rb5 Ra6 32. Rxb4 Rxa2 33. Rb8+ Kg7 34. Kf3 h5 35. Rb7 g5 36. Rb5 Kg6 37. Rb7 h4 38. Rb8 a6 39. Ra8 Kf5 40. Ra7 f6 41. Ra8 Ra3+ 42. Kf2 Kf4 43. Rf8 f5 44. Rb8 Ra2+ 45. Kg1 a5 46. Rc8 Rd2 47. Rc4+ Ke5 48. Rc5+ Rd5 49. Rc8 Kd4 50. Ra8 Kc3 51. Rc8+ Kb4 52. Rg8 a4 53. Rxg5 a3 54. Rg8 a2 55. Rb8+ Rb5 56. Ra8 Ra5 57. Rb8+ Ka3 0-1